000 00945nas a2200313 4500
001 BR0602846
003 BR-BrBNA
005 20231205110126.0
007 ta
008 230509b bl.|||p| |||| 00| 00por d
040 _aBR-BrBNA
_bpor
_cBiblioteca Nacional de Agricultura
041 _a(Pt)
072 _aQ70; P33
100 1 _aMessias, A.S.
100 1 _aLeitão, J.S.
100 1 _aSilva, R. de C.R. da
245 1 _aInfluência do lodo têxtil na biomassa microbiana de solos com diferentes texturas
650 _aSOLO
650 _aSOLO ARGILOSO
650 _aLODO RESIDUAL
650 _aINDÚSTRIA TEXTIL
650 _aMICRORGANISMO
650 _aQUÍMICA DO SOLO
650 _aFÍSICA DO SOLO
650 _aBIOMASSA
773 0 _tPesquisa Agropecuária Pernambucana (Brazil)
_xISSN 0100-8501
_g(Jan-Dec 2002), v. 13 (Especial) p. 65-71
_wBR0602846
909 _a202311
_bLúcia
_c55
_dLúcia Elande
942 _2AGRIS
_n0
_cANA
999 _c186284
_d186284